00601nam a2200145Ia 4500008004100000082001800041100001200059245009200071260003500163630001800198650009700216942000900313952011600322999001700438211109s9999||||xx |||||||||||||| ||und|| a541.28bGAN-V aGans, P 0aVibrating Molecules:An Introduction to the Interpretation of Infrared and Raman Spectra bChapman & Co LtdaLondonc1971 xGeneral Stack a Vibrational spectra vMolecular spectroscopyInfrared spectraPhysical chemistryxChemistry cBOOK 00104070aSBCLbSBCLc2d2021-11-09g100.00l0o541.28 GAN-Vp00039722r2021-11-09 00:00:00w2021-11-09yBOOK c38206d38206